| 000 | 00514nam a2200097Ia 4500 | ||
|---|---|---|---|
| 008 | 170517s9999 xx 000 0 und d | ||
| 245 | 4 | _aThe Age of AIDS | |
| 300 | _aOn the 25th anniversary of the first diagnosed cases of AIDS, FRONTLINE examines one of the worst pandemics the world has ever known in The Age of AIDS. After a quarter century of political denial and social stigma, of stunning scientific breakthroughs, bitter policy... | ||
| 650 | _xTechnology. | ||
| 856 | _uhttp://topdocumentaryfilms.com/age-aids/ | ||
| 999 |
_c335096 _d335096 |
||